| 000 | 00538nam a2200181 i 4500 | ||
|---|---|---|---|
| 001 | 28422 | ||
| 003 | ES-MaACL | ||
| 005 | 20230906153842.0 | ||
| 007 | t| | ||
| 008 | 030117s1911 ddr ||||1| fre d | ||
| 100 | 1 |
_aBaedeker, Karl. _924575 |
|
| 245 | 1 | 0 |
_aParis et ses environs _b: manuel du voyageur / _cpar Karl Baedeker. |
| 250 | _a17eme ed. | ||
| 260 |
_aLeipzig : _bKarl Baedeker, _c1911. |
||
| 300 |
_aXXVI, 481 p. : _b14 map., 34 plan. ; _c16 cm. |
||
| 651 | 4 |
_aParís- _vGuías turísticas. _99209 |
|
| 852 |
_aES-MaACL _jG-13726 |
||
| 999 |
_c28422 _d28422 |
||